000 00568nam a2200229Ia 4500
003 OSt
005 20220918202423.0
006 a|||||r|||| 00| 0
007 ta
008 220917b |||||||| |||| 00| 0 eng d
024 _a101,100
037 _cTextual
040 _aARTS
_cARTS
_beng
041 _2eng
_aeng
082 _aV21:28wJ49, K8
100 _aRadhey Shyam
_9103656
245 0 _aLife and times of Malik Ambar
260 _c1968
650 _aHISTORY
942 _hV21:28wJ49, K8
_cTEXL
_2CC
999 _c224614
_d224614